000 00323nam a2200145Ia 4500
008 240112s2010 xx 000 0 und d
022 _a9714065
041 _aeng
082 _a616.405
100 _aSAKHJA
245 _aINDIAN JOURNAL OF NEPHROLOGY
260 _bIN
_c2010
300 _a229;HB
_c41730
440 _v20
999 _c1143277
_d1143277